| 000 | 00567cam a2200205 i 4500 | ||
|---|---|---|---|
| 001 | 17661041 | ||
| 005 | 20170427095306.0 | ||
| 008 | 130315s2013 cau b 001 0 eng | ||
| 020 | _a9781118399460 (pbk.) | ||
| 040 | _cPK-LaUMT | ||
| 082 | 0 | 0 |
_a658.409 _223 _bBEN-U |
| 100 | 1 | _aBenfari, Robert | |
| 245 | 1 | 0 |
_aUnderstanding and changing your management style / _cRobert C. Benfari |
| 250 | _a2nd ed. | ||
| 260 |
_aSan Francisco : _bJohn Wiley, _c2013 |
||
| 300 |
_avii, 344 p. ; _c24 cm |
||
| 650 | 0 | _aExecutive ability. | |
| 650 | 0 | _aManagement. | |
| 942 | _cBK | ||
| 999 |
_c92926 _d92926 |
||